1579 1370 1537 1497 1616 1636 1760 1839 1724 1096 1285 1684 1706 1755 1186 1076 1861 1251 1871 1716 1395 1645 1041 1340 1299 1843 1633 1777 1244 1233 1151 1196 1757 1409 1195 1114 1477 1747 1242 1284 1524 1125 1653 1495 1433 1329 1038 1597 1974 1423 1131 1760 1295 1127 1593 1079 1539 1273 1106 1089 1497 1124 1945 1331 1728 1085 1290 1468 1352 1124 1007 1062 1408 1738 1104 1054 1246 1137 1900 1107 1222 1487 1039 1099 1551 1337 1427 1104 1737 1349 1670 1443 1582 1107 1049 1109 1409 1785 1551 BCNSPRNW ULIB Ver.6.0+V

เปลี่ยนเป็นภาษาไทย

Change to English
 แสดงรายละเอียดบรรณานุกรม
  กลับหน้าหลัก

Brief Record : Get Marc (ISO 2709) : E-mail record : QR code < ปิดหน้าต่าง
LEADER : 00000nas 2200000uu 4500
001    13399121047
003     ULIB
008    121101s||||||||th 000 0 tha d
022 0  19063903
110 1  กรมพัฒนาการแพทย์แผนไทยและการแพทย์ทางเลือก กระทรวงสาธารณสุข
245 00 วารสารสำนักการแพทย์ทางเลือก/^cกรมพัฒนาการแพทย์แผนไทยและการแพทย์ทางเลือก กระทรวงสาธารณสุข
310    ^aรายสี่เดือน
850 ^a ULIB^bปีที่ 5 ฉบับที่ 2
945    ^p0^l0^i900825
999    ^aใช้งานได้ทุกระบบ
รายการนี้ยังไม่มีแท็ก
คุณยังไม่ได้ล็อกอิน คุณสามารถมีกิจกรรมร่วมกับเว็บไซต์ได้ แต่ต้องล็อกอินก่อน ::
  ล็อกอิน

รายการสื่อสารสนเทศ (วารสาร)

ดูแบบ: กล่อง รายการ
ARRIVED
ปีที่ 5 ฉบับที่ 2
สถานที่: ห้องสมุดวิทยาเขตสวรรค์ประชารักษ์ >หนังสือทั่วไป

BibComment


ยังไม่เคยถูกคอมเมนท์

คอมเมนท์ทรัพยากรรายการนี้
  คอมเมนท์: วารสารสำนักการแพท..


 Copyright 2026. Bcnsprnw @Library